| 000 | 00844nam a2200289Ia 4500 | ||
|---|---|---|---|
| 001 | Para_6917 | ||
| 003 | CHAP | ||
| 008 | 220125s1999 xx 000 0 und d | ||
| 010 | _a204233 | ||
| 040 | _cCHAP | ||
| 090 | _aPA FOLLETO 824 | ||
| 100 |
_aAuxt, Tara L. _9170200 |
||
| 245 |
_aSurvey of the nutritional status of West Virginia peach orchards / _c by T.L. Auxt., S. Singha and S.H. Blizzard |
||
| 260 |
_aMorgantown, W.Va. : _b West Virginia University |
||
| 300 | _a14 p. | ||
| 440 |
_aBulletin; 687 _9170201 |
||
| 650 |
_aDurazno _x West Virginia _9170202 |
||
| 700 |
_aBlizzard, S.H. _9170203 |
||
| 700 |
_aSingha, S. _9170204 |
||
| 901 | _aPA FOLLETO 824 | ||
| 902 | _aA | ||
| 905 | _a00000019-- n 0000000000 00 | ||
| 910 | _a19-- | ||
| 942 | _cPARA | ||
| 942 |
_cPARA _d1 |
||
| 999 |
_c204233 _d204233 |
||